Statistics for Municipalities of Brown County, Wisconsin

Click here to take the quiz!

General Stats

  • This quiz has been taken 47 times
  • The average score is 10 of 25

Answers on the Map

Answers color-coded by a green-red scale on the quiz's map according to % correct below.
 

Answer Stats

Answer% Correct
City of Green Bay
100%
City of De Pere
80%
Village of Ashwaubenon
75%
Village of Suamico
75%
Village of Bellevue
70%
Village of Howard
70%
Village of Pulaski
65%
Town of Wrightstown
60%
Village of Allouez
60%
Village of Wrightstown
60%
Village of Denmark
55%
Village of Hobart
55%
Town of Lawrence
30%
Town of Glenmore
25%
Census Designated Place of Greenleaf
20%
Town of Morrison
20%
Town of Eaton
15%
Town of Holland
15%
Town of Ledgeview
15%
Town of New Denmark
15%
Town of Scott
15%
Census Designated Place of Dyckesville
10%
Town of Humboldt
10%
Town of Pittsfield
10%
Town of Rockland
5%

Score Distribution

Percentile by Number Answered

Percent of People with Each Score

Your Score History

You have not taken this quiz